000 00340nam a2200121Ia 4500
008 180116s9999 xx 000 0 und d
020 _a9781118902400
100 _aNeal, Michael J.
245 _cMichael J. Neal
_aMedical Pharmacology at a Glance /
250 _a8th ed
260 _aUK
_bJohn Wiley & Sons, Ltd.
_c2016
300 _a107 pages
999 _c353236
_d353236